| 000 -CABECERA |
| campo de control de longitud fija |
01348nam a2200277 a 4500 |
| 001 - NÚMERO DE CONTROL |
| campo de control |
000083732 |
| 005 - FECHA Y HORA DE LA ÚLTIMA TRANSACCIÓN |
| campo de control |
20200120224852.0 |
| 008 - DATOS DE LONGITUD FIJA--INFORMACIÓN GENERAL |
| campo de control de longitud fija |
171006s2014 ck ||||gr|||||000 ||spa d |
| 020 ## - NÚMERO INTERNACIONAL ESTÁNDAR DEL LIBRO |
| Número Internacional Estándar del Libro |
9789589233450 |
| 041 0# - CÓDIGO DE LENGUA |
| Código de lengua del texto/banda sonora o título independiente |
spa |
| 043 ## - CÓDIGO DE ÁREA GEOGRÁFICA |
| Código de área geográfica |
s-ck--- |
| 082 04 - NÚMERO DE LA CLASIFICACIÓN DECIMAL DEWEY |
| Número de edición |
21 |
| 090 ## - LOCALMENTE ASIGNADO TIPO-LC NÚMERO DE CLASIFICACIÓN (OCLC); NÚMERO DE CLASIFICACIÓN LOCAL (RLIN) |
| Número de clasificación (OCLC) (R) ; Numero de clasificación, CALL (RLIN) (NR) |
AP |
| Número cutter local (OCLC) ; Número de libro/Signatura topográfica íntegra, CALL (RLIN) |
GUZMA |
| 100 1# - ENTRADA PRINCIPAL--NOMBRE DE PERSONA |
| Nombre de persona |
Guzmán, Mauricio |
| Fechas asociadas al nombre |
1968- |
| 245 10 - MENCIÓN DE TÍTULO |
| Título |
Los labios de Ziña y la partícula / |
| Mención de responsabilidad, etc. |
Mauricio Guzmán. |
| 250 ## - MENCIÓN DE EDICIÓN |
| Mención de edición |
1a. ed. |
| 260 ## - PUBLICACIÓN, DISTRIBUCIÓN, ETC. |
| Lugar de publicación, distribución, etc. |
Bogotá : |
| Nombre del editor, distribuidor, etc. |
Común Presencia, |
| Fecha de publicación, distribución, etc. |
2014. |
| 300 ## - DESCRIPCIÓN FÍSICA |
| Extensión |
45 páginas : |
| Otras características físicas |
ilustraciones en color. |
| 490 #0 - MENCIÓN DE SERIE |
| Mención de serie |
Los Conjurados |
| 500 ## - NOTA GENERAL |
| Nota general |
Incluye índice |
| 520 3# - SUMARIO, ETC. |
| Sumario, etc. |
"Los jurados destacan que la lectura del libro ganador Los labios de Ziña y la partícula, pone en contacto al lector con un extraordinario sentido de la belleza. Hay en él un lirismo de admirable sutileza. Siendo compleja y elevada su elaboración, al leerlo da una sensación de simplicidad pasmosa. El solar aparece ante nuestros ojos como lo que es (y se nos olvida): un universo sensible y expresivo. El mérito del autor está en poder desplegar con maestría un lenguaje austero y diáfano para traducirnos esta experiencia". John Galán Casanova, Mery Yolanda Sánchez y Samuel Jaramillo" |
| 650 14 - PUNTO DE ACCESO ADICIONAL DE MATERIA--TÉRMINO DE MATERIA |
| Término de materia o nombre geográfico como elemento de entrada |
Poesía colombiana |
| 650 24 - PUNTO DE ACCESO ADICIONAL DE MATERIA--TÉRMINO DE MATERIA |
| Término de materia o nombre geográfico como elemento de entrada |
Literatura colombiana |
| 650 24 - PUNTO DE ACCESO ADICIONAL DE MATERIA--TÉRMINO DE MATERIA |
| Término de materia o nombre geográfico como elemento de entrada |
Autores colombianos |
| 650 24 - PUNTO DE ACCESO ADICIONAL DE MATERIA--TÉRMINO DE MATERIA |
| Término de materia o nombre geográfico como elemento de entrada |
Amor en la literatura |